| 000 | 00360nam a2200145Ia 4500 | ||
|---|---|---|---|
| 008 | 230312s9999||||xx |||||||||||||| ||und|| | ||
| 020 | _a1-908126-10-8 | ||
| 082 |
_a747 _bLEE-P |
||
| 100 | _aLee;Vinny | ||
| 245 | 0 | _a10 principles of good interior design | |
| 260 |
_bLee _achina _c2011 |
||
| 300 | _a216 | ||
| 650 |
_aArchitecture _vArchitecture |
||
| 942 | _cBK | ||
| 999 |
_c12726 _d12726 |
||